Central Library OPAC University of Rajshahi
Normal view MARC view

Entry Topical Term

Number of records used in: 2

001 - CONTROL NUMBER

  • control field: 13062

003 - CONTROL NUMBER IDENTIFIER

  • control field: BD-RjUL

005 - DATE AND TIME OF LATEST TRANSACTION

  • control field: 20240519100312.0

008 - FIXED-LENGTH DATA ELEMENTS

  • fixed length control field: 240519|| aca||aabn | a|a d

040 ## - CATALOGING SOURCE

  • Original cataloging agency: BD-RjUL
  • Transcribing agency: BD-RjUL

150 ## - HEADING--TOPICAL TERM

  • Topical term or geographic name entry element: Biology
  • Form subdivision: Prawn

670 ## - SOURCE DATA FOUND

  • Source citation: Work cat.: (BD-RjUL)83770: Khair, Syed Abul 13061, Biology and Ditribution of the Gint Freshwater Prawn macrobrachium Rosenbergh (De man) /, 1995